[Event "1FoglarVeterans_SIM"]
[Site "?"]
[Date "2005.??.??"]
[Round "?"]
[White "Baumgartner, Ulrich"]
[Black "Leemans, Robert"]
[Result "1/2-1/2"]
[WhiteElo "2291"]
[BlackElo "2324"]
[PlyCount "36"]
[EventDate "2005.??.??"]
[EventType "corr"]
[SourceDate "2005.05.10"]

1. d4 Nf6 2. c4 e6 3. g3 d5 4. Bg2 a6 5. Nf3 dxc4 6. O-O Nc6 7. Nc3 Rb8 8. e4
Be7 9. Qe2 Nxd4 10. Nxd4 Qxd4 11. Rd1 Qc5 12. e5 Nd7 13. Ne4 Qb5 14. a4 Qa5 15.
Bd2 Bb4 16. Qxc4 Bxd2 17. Rxd2 b5 18. Qc2 bxa4 1/2-1/2

[Event "1FoglarVeterans_SIM"]
[Site "?"]
[Date "2005.??.??"]
[Round "?"]
[White "Buchaillot, Luis Mario"]
[Black "Baumgartner, Ulrich"]
[Result "1/2-1/2"]
[WhiteElo "2209"]
[BlackElo "2291"]
[PlyCount "47"]
[EventDate "2005.??.??"]
[EventType "corr"]
[SourceDate "2005.05.10"]

1. c4 c6 2. e4 d5 3. cxd5 cxd5 4. exd5 Nf6 5. Qa4+ Nbd7 6. Nc3 g6 7. d4 Bg7 8.
d6 exd6 9. Bd3 O-O 10. Nge2 Nb6 11. Qa3 Re8 12. O-O Nfd5 13. Nxd5 Nxd5 14. Bd2
Bg4 15. Nc3 Nxc3 16. Bxc3 d5 17. Qb3 Qc7 18. Qxd5 Rad8 19. Qg5 Bxd4 20. Rac1
Be5 21. Bxg6 hxg6 22. Bxe5 Qxe5 23. Qxg4 Qxb2 24. Qa4 1/2-1/2

[Event "1FoglarVeterans_SIM"]
[Site "?"]
[Date "2005.??.??"]
[Round "?"]
[White "Leemans, Robert"]
[Black "Glaser, Karel"]
[Result "1/2-1/2"]
[WhiteElo "2324"]
[BlackElo "2310"]
[PlyCount "39"]
[EventDate "2005.??.??"]
[EventType "corr"]
[SourceDate "2005.05.10"]

1. d4 Nf6 2. Nf3 d5 3. c4 e6 4. g3 dxc4 5. Bg2 a6 6. O-O Be7 7. Qc2 b5 8. Ne5
Nd5 9. b3 cxb3 10. axb3 Bb7 11. Ba3 Bd6 12. Nd3 Nc6 13. e3 Bxa3 14. Nxa3 Ncb4
15. Nxb4 Nxb4 16. Qc5 Bxg2 17. Kxg2 Qd6 18. Nxb5 Qxc5 19. dxc5 Kd7 20. Nd4
1/2-1/2

[Event "1FoglarVeterans_SIM"]
[Site "?"]
[Date "2005.??.??"]
[Round "?"]
[White "Baumgartner, Ulrich"]
[Black "Glaser, Karel"]
[Result "1/2-1/2"]
[WhiteElo "2291"]
[BlackElo "2310"]
[PlyCount "67"]
[EventDate "2005.??.??"]
[EventType "corr"]
[SourceDate "2005.05.10"]

1. d4 Nf6 2. c4 e6 3. g3 d5 4. Bg2 dxc4 5. Nf3 c5 6. O-O Nc6 7. Ne5 Bd7 8. Nxc4
cxd4 9. Bf4 Be7 10. Nd6+ Kf8 11. Nxb7 Qb6 12. Nd6 Qc5 13. Nd2 e5 14. N6e4 Nxe4
15. Nxe4 Qb6 16. Bc1 Rd8 17. Qb3 Qxb3 18. axb3 f5 19. Nd2 e4 20. Nc4 Ke8 21.
Bf4 g5 22. Bc7 Rc8 23. Nd6+ Bxd6 24. Bxd6 Kf7 25. f3 exf3 26. Bxf3 Kg6 27. Bc5
Rhe8 28. Kf2 Ne5 29. Ra6+ Re6 30. Rxe6+ Bxe6 31. Bxd4 Nxf3 32. Kxf3 Bd5+ 33.
Kf2 a6 34. Ra1 1/2-1/2

[Event "1FoglarVeterans_SIM"]
[Site "?"]
[Date "2005.??.??"]
[Round "?"]
[White "Buchaillot, Luis Mario"]
[Black "Glaser, Karel"]
[Result "0-1"]
[WhiteElo "2209"]
[BlackElo "2310"]
[PlyCount "66"]
[EventDate "2005.??.??"]
[EventType "corr"]
[SourceDate "2005.05.10"]

1. c4 Nf6 2. g3 e6 3. Bg2 d5 4. Nf3 Be7 5. O-O O-O 6. d4 dxc4 7. Qc2 a6 8. Rd1
b5 9. Ng5 c6 10. b3 h6 11. Ne4 Nxe4 12. Bxe4 cxb3 13. axb3 Bb7 14. Ba3 Bxa3 15.
Rxa3 a5 16. Bg2 Qb6 17. Nc3 Na6 18. Qc1 Rfd8 19. e3 Rac8 20. Qa1 a4 21. Qb1 c5
22. bxa4 b4 23. dxc5 Qxc5 24. Bxb7 bxa3 25. Bxc8 Rxd1+ 26. Nxd1 Qxc8 27. Qa1
Qc2 28. Qxa3 Qxd1+ 29. Kg2 Qd2 30. Qb3 Nb4 31. e4 Qd4 32. a5 Nd3 33. Qa2 Qxe4+
0-1

[Event "1FoglarVeterans_SIM"]
[Site "?"]
[Date "2005.??.??"]
[Round "?"]
[White "Buchaillot, Luis Mario"]
[Black "Brousek, Jiri"]
[Result "0-1"]
[WhiteElo "2209"]
[BlackElo "2307"]
[PlyCount "64"]
[EventDate "2005.??.??"]
[EventType "corr"]
[SourceDate "2005.05.10"]

1. c4 e6 2. g3 f5 3. Bg2 Nf6 4. Nc3 Be7 5. d4 d5 6. Nf3 O-O 7. O-O c6 8. Qd3
Ne4 9. h3 Bd6 10. Bf4 Bxf4 11. gxf4 b6 12. cxd5 exd5 13. Ne5 Bb7 14. Qc2 Qe8
15. Rfc1 Qe6 16. a4 Nd7 17. Nxc6 Qxc6 18. Nxe4 Qxc2 19. Rxc2 fxe4 20. Rc7 Bc8
21. f3 exf3 22. Bxf3 Nf6 23. Kh2 Rf7 24. Rac1 Rxc7 25. Rxc7 a5 26. Kg3 Kf8 27.
b3 Rb8 28. Bg4 Bxg4 29. hxg4 Ne4+ 30. Kh4 Nd2 31. Rd7 Nxb3 32. Rxd5 b5 0-1

[Event "1FoglarVeterans_SIM"]
[Site "?"]
[Date "2005.??.??"]
[Round "?"]
[White "Kuta, Jiri"]
[Black "Buchaillot, Luis Mario"]
[Result "1-0"]
[WhiteElo "2313"]
[BlackElo "2209"]
[PlyCount "71"]
[EventDate "2005.??.??"]
[EventType "corr"]
[SourceDate "2005.05.10"]

1. d4 c5 2. d5 g6 3. e4 Bg7 4. c4 d6 5. h3 Nf6 6. Nc3 O-O 7. Nf3 e6 8. Bd3 exd5
9. cxd5 a6 10. a4 Nbd7 11. O-O Re8 12. Re1 b6 13. Bf4 Qe7 14. e5 dxe5 15. Nxe5
Nxe5 16. Bxe5 Qd8 17. d6 Be6 18. Qf3 c4 19. Be4 Nxe4 20. Bxg7 Kxg7 21. Nxe4 f6
22. Rad1 Ra7 23. g4 Rd7 24. Qc3 Kf7 25. Qd2 Kg7 26. a5 h6 27. Re3 Bf7 28. Qd4
Rxe4 29. Rxe4 bxa5 30. f4 g5 31. fxg5 hxg5 32. h4 Bg6 33. Re3 gxh4 34. g5 Bf7
35. Rf3 Bh5 36. Rxf6 1-0

[Event "1FoglarVeterans_SIM"]
[Site "?"]
[Date "2005.??.??"]
[Round "?"]
[White "Kuta, Jiri"]
[Black "Baumgartner, Ulrich"]
[Result "1/2-1/2"]
[WhiteElo "2313"]
[BlackElo "2291"]
[PlyCount "67"]
[EventDate "2005.??.??"]
[EventType "corr"]
[SourceDate "2005.05.10"]

1. d4 d5 2. c4 c6 3. Nf3 Nf6 4. Nc3 dxc4 5. a4 Bg4 6. Ne5 Bh5 7. g3 e6 8. Bg2
a5 9. O-O Be7 10. Nxc4 Na6 11. h3 Nb4 12. g4 Bg6 13. e4 Nd7 14. Be3 f5 15. f3
O-O 16. Qd2 Nb6 17. Ne5 Bf6 18. Nxg6 Nc4 19. Qe2 Nxe3 20. Nxf8 Kxf8 21. e5 Bg5
22. f4 Nxf1 23. fxg5 Ne3 24. Qxe3 Nc2 25. Qf2 Nxa1 26. gxf5 exf5 27. Ne4 Kg8
28. Nd6 Qxg5 29. Qf1 Qe3+ 30. Kh1 Qxd4 31. Qxa1 h6 32. Qa2+ Kh7 33. Qe6 Rf8 34.
Qe7 1/2-1/2

[Event "1FoglarVeterans_SIM"]
[Site "?"]
[Date "2005.??.??"]
[Round "?"]
[White "Schwarz, Jan"]
[Black "Leemans, Robert"]
[Result "1/2-1/2"]
[WhiteElo "2260"]
[BlackElo "2324"]
[PlyCount "40"]
[EventDate "2005.??.??"]
[EventType "corr"]
[SourceDate "2005.05.10"]

1. e4 d5 2. exd5 Qxd5 3. Nc3 Qa5 4. d4 Nf6 5. Nf3 Ne4 6. Bd2 Nxd2 7. Qxd2 e6 8.
Bd3 Bb4 9. O-O O-O 10. a3 Bxc3 11. bxc3 c5 12. Qe3 Nd7 13. Rfb1 Qc7 14. a4 Nf6
15. dxc5 Rd8 16. Qe5 Qxe5 17. Nxe5 Rd5 18. c6 bxc6 19. Nxc6 Rc5 20. Nd4 Rxc3
1/2-1/2

[Event "1FoglarVeterans_SIM"]
[Site "?"]
[Date "2005.??.??"]
[Round "?"]
[White "Glaser, Karel"]
[Black "Woznica, Miroslaw"]
[Result "1/2-1/2"]
[WhiteElo "2310"]
[BlackElo "2273"]
[PlyCount "117"]
[EventDate "2005.??.??"]
[EventType "corr"]
[SourceDate "2005.05.10"]

1. e4 e6 2. d4 d5 3. Nc3 Bb4 4. e5 c5 5. a3 Bxc3+ 6. bxc3 Ne7 7. Qg4 Qc7 8.
Qxg7 Rg8 9. Qxh7 cxd4 10. Ne2 Nbc6 11. f4 Bd7 12. Qd3 dxc3 13. Qxc3 Nf5 14. Rb1
d4 15. Qd3 O-O-O 16. c3 Be8 17. Rb2 Na5 18. Kf2 dxc3 19. Qxc3 Nc4 20. Rb4 b5
21. Ng3 Nxg3 22. hxg3 Rd1 23. Ke2 Rd5 24. Ke1 a5 25. Rb1 Rc5 26. Bd2 Nxd2 27.
Qxd2 Rc2 28. Qd4 Bc6 29. Rd1 a4 30. Rh3 Bxg2 31. Bxg2 Rxg2 32. Qe3 Rc2 33. Rd3
Rc1+ 34. Kf2 Qc2+ 35. Rd2 Qc6 36. Rd3 Qc4 37. Rh4 Rc2+ 38. Ke1 Rc1+ 39. Kf2
Qc2+ 40. Qe2 Qc5+ 41. Qe3 Qc2+ 42. Qe2 Rd8 43. Rxd8+ Kxd8 44. Qxc2 Rxc2+ 45.
Ke3 Rc3+ 46. Kd4 Rxa3 47. Kc5 Rxg3 48. Kxb5 a3 49. Rh8+ Kc7 50. Ra8 Rb3+ 51.
Kc5 Kd7 52. Ra7+ Ke8 53. Ra8+ Ke7 54. Ra7+ Kf8 55. Kd4 Ke8 56. Ke4 Rg3 57. f5
Rg4+ 58. Kf3 exf5 59. Rxa3 1/2-1/2

[Event "1FoglarVeterans_SIM"]
[Site "?"]
[Date "2005.??.??"]
[Round "?"]
[White "Baumgartner, Ulrich"]
[Black "Schwarz, Jan"]
[Result "1/2-1/2"]
[WhiteElo "2291"]
[BlackElo "2260"]
[PlyCount "68"]
[EventDate "2005.??.??"]
[EventType "corr"]
[SourceDate "2005.05.10"]

1. d4 Nf6 2. c4 e6 3. g3 d5 4. Bg2 Be7 5. Nf3 O-O 6. O-O c6 7. Qc2 Nbd7 8. b3
b6 9. Rd1 a5 10. Nc3 Ba6 11. Nd2 Rc8 12. e4 c5 13. exd5 cxd4 14. dxe6 fxe6 15.
Nce4 b5 16. Bb2 Qb6 17. Nxf6+ Bxf6 18. Ne4 e5 19. Ba3 b4 20. Bc1 Bb7 21. a3 Be7
22. axb4 Bxb4 23. Ba3 Nc5 24. Bxb4 Qxb4 25. Nxc5 Rxc5 26. Qd2 Qb6 27. Bxb7 Qxb7
28. Rxa5 Rxa5 29. Qxa5 Qxb3 30. Qd5+ Kh8 31. Re1 Qc2 32. f4 d3 33. Qd6 Ra8 34.
fxe5 h6 1/2-1/2

[Event "1FoglarVeterans_SIM"]
[Site "?"]
[Date "2005.??.??"]
[Round "?"]
[White "Berecz, Garvil"]
[Black "Brousek, Jiri"]
[Result "1/2-1/2"]
[WhiteElo "2307"]
[BlackElo "2407"]
[PlyCount "86"]
[EventDate "2005.??.??"]
[EventType "corr"]
[SourceDate "2005.05.10"]

1. e4 e6 2. d4 d5 3. Nd2 Nf6 4. Bd3 c5 5. e5 Nfd7 6. c3 Nc6 7. Ne2 Qb6 8. Nf3
cxd4 9. cxd4 f6 10. exf6 Nxf6 11. O-O Bd6 12. Bf4 Bxf4 13. Nxf4 Qxb2 14. Re1
O-O 15. Nxe6 Bxe6 16. Rxe6 Rae8 17. Rb1 Qxa2 18. Rxe8 Rxe8 19. Rxb7 Ne4 20. Qf1
Rf8 21. Qe1 Re8 22. h3 a5 23. Ng5 Qd2 24. Qxd2 Nxd2 25. Bxh7+ Kh8 26. Kh2 a4
27. Bg6 Ra8 28. Bf7 Nd8 29. Rb2 Nc4 30. Bxd5 Nxb2 31. Bxa8 a3 32. Bd5 Nc6 33.
Ne6 Nb4 34. Bb3 a2 35. Bxa2 Nxa2 36. f4 g6 37. Kg3 Nc3 38. f5 gxf5 39. Kf4 Nc4
40. Kxf5 Ne3+ 41. Ke5 Nxg2 42. d5 Nxd5 43. Kxd5 Kg8 1/2-1/2

[Event "1FoglarVeterans_SIM"]
[Site "?"]
[Date "2005.??.??"]
[Round "?"]
[White "Schwarz, Jan"]
[Black "Brousek, Jiri"]
[Result "1/2-1/2"]
[WhiteElo "2260"]
[BlackElo "2407"]
[PlyCount "80"]
[EventDate "2005.??.??"]
[EventType "corr"]
[SourceDate "2005.05.10"]

1. e4 e6 2. d4 d5 3. Nd2 Nf6 4. e5 Nfd7 5. c3 c5 6. Bd3 Nc6 7. Ne2 Qb6 8. Nf3
cxd4 9. cxd4 f6 10. exf6 Nxf6 11. O-O Bd6 12. Nc3 O-O 13. Be3 Bd7 14. a3 Kh8
15. Rc1 Rac8 16. Ne5 Be8 17. Na4 Qd8 18. f4 Bh5 19. Qe1 Ng4 20. b4 a5 21. Nc5
Qe7 22. Ned7 Rg8 23. b5 Nxe3 24. Qxe3 Nxd4 25. Qxd4 b6 26. Nxe6 Rxc1 27. Rxc1
Qxe6 28. Nxb6 Bxa3 29. f5 Qe8 30. Rc2 Qe1+ 31. Bf1 Bd6 32. Nxd5 Be5 33. Qf2 Qe4
34. Rd2 Bf7 35. Qf3 Qxf3 36. gxf3 Rd8 37. Bc4 a4 38. Kg2 h6 39. b6 a3 40. h4 h5
1/2-1/2

[Event "1FoglarVeterans_SIM"]
[Site "?"]
[Date "2005.??.??"]
[Round "?"]
[White "Berecz, Garvil"]
[Black "Leemans, Robert"]
[Result "1/2-1/2"]
[WhiteElo "2307"]
[BlackElo "2324"]
[PlyCount "45"]
[EventDate "2005.??.??"]
[EventType "corr"]
[SourceDate "2005.05.10"]

1. e4 d5 2. exd5 Qxd5 3. Nc3 Qa5 4. Nf3 Bf5 5. b4 Qb6 6. a3 e6 7. Bc4 Be7 8.
O-O Nf6 9. d4 c6 10. Be3 Qc7 11. Ne2 Nbd7 12. Bf4 Bd6 13. Bxd6 Qxd6 14. c3 Bg4
15. Qd3 O-O 16. Ng3 b5 17. Ba2 Bxf3 18. Qxf3 a5 19. Bb3 Ra6 20. Rab1 Rfa8 21.
Bc2 axb4 22. axb4 Nd5 23. Ne4 1/2-1/2

[Event "1FoglarVeterans_SIM"]
[Site "?"]
[Date "2005.??.??"]
[Round "?"]
[White "Wieringen, Cor A."]
[Black "Woznica, Miroslaw"]
[Result "1/2-1/2"]
[WhiteElo "2304"]
[BlackElo "2273"]
[PlyCount "82"]
[EventDate "2005.??.??"]
[EventType "corr"]
[SourceDate "2005.05.10"]

1. Nc3 d5 2. e3 e5 3. Qh5 Qd6 4. d4 exd4 5. exd4 Be6 6. Qd1 Nf6 7. Bd3 Nc6 8.
Nf3 Bg4 9. Be2 O-O-O 10. O-O Re8 11. Be3 Qe6 12. a3 Kb8 13. Re1 Bd6 14. Nb5 Re7
15. Rc1 Rhe8 16. c4 dxc4 17. Bxc4 Qf5 18. d5 Bxf3 19. gxf3 Ne5 20. Bxa7+ Ka8
21. Re3 Qh3 22. Nxd6 cxd6 23. Bf1 Nxf3+ 24. Rxf3 Qg4+ 25. Rg3 Qxd1 26. Rxd1
Kxa7 27. Rxg7 Rc8 28. b3 Kb6 29. a4 Rc5 30. Bc4 Rcc7 31. Rd4 Kc5 32. Rh4 h5 33.
Rf4 Ng4 34. Rh7 Re1+ 35. Kg2 Ne5 36. h4 Rc8 37. Rxh5 Rg8+ 38. Rg5 Ng6 39. Kh2
Rh8 40. Rxf7 Rxh4+ 41. Kg2 Rhh1 1/2-1/2

[Event "1FoglarVeterans_SIM"]
[Site "?"]
[Date "2005.??.??"]
[Round "?"]
[White "Schwarz, Jan"]
[Black "Glaser, Karel"]
[Result "1/2-1/2"]
[WhiteElo "2260"]
[BlackElo "2310"]
[PlyCount "104"]
[EventDate "2005.??.??"]
[EventType "corr"]
[SourceDate "2005.05.10"]

1. e4 e5 2. Nf3 Nc6 3. Bb5 a6 4. Ba4 Nf6 5. O-O Be7 6. Re1 b5 7. Bb3 d6 8. c3
O-O 9. h3 Na5 10. Bc2 c5 11. d4 Qc7 12. Nbd2 cxd4 13. cxd4 Nc6 14. Nb3 a5 15.
Be3 a4 16. Nbd2 Nb4 17. Bb1 Bd7 18. a3 Nc6 19. Bd3 Na5 20. Rc1 Qb8 21. Qe2 Re8
22. Rb1 Rc8 23. Red1 Be8 24. Nh4 Bd7 25. dxe5 dxe5 26. Nf5 Bf8 27. Bg5 Ne8 28.
Ne7+ Bxe7 29. Bxe7 Qb6 30. Rbc1 Rxc1 31. Rxc1 Nd6 32. Rd1 Nc6 33. Bg5 Be6 34.
Be3 Nd4 35. Qf1 Rd8 36. f4 f6 37. fxe5 fxe5 38. Kh1 Qc7 39. Rc1 Qd7 40. Rc5 Rf8
41. Qg1 Bxh3 42. Qh2 Be6 43. Qxe5 Nb3 44. Rc6 Qxc6 45. Qxe6+ Kh8 46. Nxb3 axb3
47. e5 Re8 48. Qh3 Ne4 49. Qf3 Qd5 50. Bxe4 Qxe5 51. Bc6 Qxe3 52. Bxe8 Qxe8
1/2-1/2

[Event "1FoglarVeterans_SIM"]
[Site "?"]
[Date "2005.??.??"]
[Round "?"]
[White "Glaser, Karel"]
[Black "Kuta, Jiri"]
[Result "1/2-1/2"]
[WhiteElo "2310"]
[BlackElo "2313"]
[PlyCount "95"]
[EventDate "2005.??.??"]
[EventType "corr"]
[SourceDate "2005.05.10"]

1. e4 c5 2. Nf3 Nc6 3. d4 cxd4 4. Nxd4 Nf6 5. Nc3 e5 6. Ndb5 d6 7. Bg5 a6 8.
Na3 b5 9. Bxf6 gxf6 10. Nd5 f5 11. Bd3 Be6 12. O-O Bxd5 13. exd5 Ne7 14. c3 Bg7
15. Nc2 e4 16. Be2 Qb6 17. Qd2 O-O 18. Qg5 Ng6 19. Qxf5 Rae8 20. Qg5 Re5 21.
Qd2 Ne7 22. a4 Nxd5 23. axb5 axb5 24. Kh1 Nc7 25. f4 Rd5 26. Qc1 Rf5 27. g3 Re8
28. Qe3 Rc5 29. Rfd1 d5 30. h3 Rd8 31. Rd2 b4 32. cxb4 Rc6 33. Kg2 Bxb2 34.
Qxb6 Rxb6 35. Ra7 Rc6 36. b5 Rc5 37. b6 Nb5 38. Bxb5 Rxb5 39. Ne3 d4 40. Nd1
Bc1 41. Rc2 Bxf4 42. gxf4 Rxb6 43. Re2 Rb1 44. Rd2 Re8 45. Rxd4 e3 46. Nc3 e2
47. Nxe2 Rxe2+ 48. Kf3 1/2-1/2

[Event "1FoglarVeterans_SIM"]
[Site "?"]
[Date "2005.??.??"]
[Round "?"]
[White "Buchaillot, Luis Mario"]
[Black "Leemans, Robert"]
[Result "0-1"]
[WhiteElo "2209"]
[BlackElo "2324"]
[PlyCount "84"]
[EventDate "2005.??.??"]
[EventType "corr"]
[SourceDate "2005.05.10"]

1. c4 e5 2. Nf3 Nc6 3. Nc3 Nf6 4. d4 e4 5. Ne5 Bb4 6. Nxc6 dxc6 7. a3 Bxc3+ 8.
bxc3 O-O 9. Bg5 h6 10. Bf4 Nh5 11. Be3 Be6 12. Qb1 Rb8 13. Qxe4 Bxc4 14. Qe5
Nf6 15. Qc5 Bd5 16. Bf4 Ne4 17. Qa5 b6 18. Qb4 Re8 19. f3 Nf6 20. Bd2 c5 21.
dxc5 Nd7 22. cxb6 Ne5 23. Kf2 Rxb6 24. Qd4 Rd6 25. Qxa7 Bxf3 26. Bf4 Nc6 27.
Qc5 Qf6 28. Kg1 Qxf4 29. Qf2 Ne5 30. h4 Ng4 31. Qxf3 Qa4 32. Rb1 Qa7+ 33. e3
Nxe3 34. Kh2 Rf6 35. Qh3 Qxa3 36. Rg1 Rf4 37. Re1 Qxc3 38. g3 Qxe1 39. gxf4 h5
40. Bg2 Qf2 41. Kh1 Ng4 42. Bf3 Re3 0-1

[Event "1FoglarVeterans_SIM"]
[Site "?"]
[Date "2005.??.??"]
[Round "?"]
[White "Buczinski, Henryk"]
[Black "Wieringen, Cor A."]
[Result "1-0"]
[WhiteElo "2315"]
[BlackElo "2304"]
[PlyCount "41"]
[EventDate "2005.??.??"]
[EventType "corr"]
[SourceDate "2005.05.10"]

1. d4 f5 2. Nf3 Nf6 3. c4 g6 4. Nc3 Bg7 5. Bf4 d6 6. e3 O-O 7. c5 h6 8. Bc4+
Kh7 9. Qc2 Nc6 10. O-O-O a6 11. h4 Na5 12. Ng5+ hxg5 13. hxg5+ Nh5 14. g4 Nxc4
15. gxh5 Rh8 16. hxg6+ Kxg6 17. Rxh8 Bxh8 18. Qe2 Qg8 19. Rh1 Kg7 20. cxd6 cxd6
21. g6 1-0

[Event "1FoglarVeterans_SIM"]
[Site "?"]
[Date "2005.??.??"]
[Round "?"]
[White "Wieringen, Cor A."]
[Black "Kuta, Jiri"]
[Result "1/2-1/2"]
[WhiteElo "2304"]
[BlackElo "2313"]
[PlyCount "54"]
[EventDate "2005.??.??"]
[EventType "corr"]
[SourceDate "2005.05.10"]

1. Nc3 d5 2. e3 Nf6 3. f4 g6 4. Nf3 Bg7 5. Be2 O-O 6. O-O c5 7. d3 Nc6 8. Qe1
b6 9. Ne5 Bb7 10. Bf3 e6 11. Nxc6 Bxc6 12. e4 d4 13. Ne2 Rc8 14. Bd2 Ne8 15. f5
exf5 16. exf5 Bxf3 17. Rxf3 Nd6 18. Ng3 Rc7 19. Qf2 Re8 20. Rf1 Be5 21. fxg6
hxg6 22. Ne4 Nxe4 23. dxe4 d3 24. Rxd3 Bd4 25. Be3 Rxe4 26. Bxd4 Rxd4 27. Rxd4
Qxd4 1/2-1/2

[Event "1FoglarVeterans_SIM"]
[Site "?"]
[Date "2005.??.??"]
[Round "?"]
[White "Schwarz, Jan"]
[Black "Wieringen, Cor A."]
[Result "1/2-1/2"]
[WhiteElo "2260"]
[BlackElo "2304"]
[PlyCount "79"]
[EventDate "2005.??.??"]
[EventType "corr"]
[SourceDate "2005.05.10"]

1. e4 e5 2. Nf3 Nc6 3. Bb5 a6 4. Ba4 Nf6 5. O-O Nxe4 6. d4 b5 7. Bb3 d5 8. dxe5
Be6 9. Nbd2 Nc5 10. c3 Be7 11. Bc2 d4 12. cxd4 Nxd4 13. Nxd4 Qxd4 14. Nf3 Qxd1
15. Rxd1 Rd8 16. Rxd8+ Bxd8 17. Be3 Nd7 18. a4 Bd5 19. axb5 axb5 20. Nd4 Nxe5
21. Nxb5 O-O 22. Bd4 f6 23. Nc3 Bf7 24. Be4 g6 25. f4 Nc4 26. Bc5 Re8 27. b4
Be7 28. Ra7 Bxc5+ 29. bxc5 Nd2 30. Bd5 Bxd5 31. Nxd5 Ne4 32. Rxc7 Rd8 33. Ne7+
Kf8 34. h4 Nxc5 35. Nxg6+ hxg6 36. Rxc5 Rd4 37. g3 Rd2 38. Rc7 Ra2 39. Rd7 Rc2
40. Ra7 1/2-1/2

[Event "1FoglarVeterans_SIM"]
[Site "?"]
[Date "2005.??.??"]
[Round "?"]
[White "Kuta, Jiri"]
[Black "Schwarz, Jan"]
[Result "1/2-1/2"]
[WhiteElo "2313"]
[BlackElo "2260"]
[PlyCount "74"]
[EventDate "2005.??.??"]
[EventType "corr"]
[SourceDate "2005.05.10"]

1. d4 Nf6 2. c4 e6 3. Nc3 Bb4 4. Qc2 d5 5. cxd5 exd5 6. Bg5 c5 7. a3 Bxc3+ 8.
Qxc3 c4 9. Nf3 Nc6 10. e3 h6 11. Bxf6 Qxf6 12. a4 a5 13. b3 cxb3 14. Qxb3 O-O
15. Be2 Nb4 16. O-O Bf5 17. Rac1 Rfc8 18. Ne5 Bc2 19. Qa3 Rc7 20. Nd3 Qe7 21.
Ne1 Bf5 22. Rxc7 Qxc7 23. Bb5 Bd7 24. Bxd7 Qxd7 25. Nf3 Rc8 26. h3 Rc2 27. Rc1
Ra2 28. Qc3 Kh7 29. g4 Qe8 30. Ne5 f6 31. Nd3 Rxa4 32. Nf4 Qc6 33. Qb2 Ra2 34.
Qb1+ Rc2 35. Nxd5 Qxd5 36. Rxc2 Nxc2 37. Qxc2+ Kg8 1/2-1/2

[Event "1FoglarVeterans_SIM"]
[Site "?"]
[Date "2005.??.??"]
[Round "?"]
[White "Kuta, Jiri"]
[Black "Berecz, Garvil"]
[Result "1-0"]
[WhiteElo "2313"]
[BlackElo "2307"]
[PlyCount "53"]
[EventDate "2005.??.??"]
[EventType "corr"]
[SourceDate "2005.05.10"]

1. d4 d5 2. c4 c6 3. Nf3 Nf6 4. Nc3 dxc4 5. a4 Bg4 6. Ne5 Bh5 7. f3 Nfd7 8.
Nxc4 e6 9. e4 Be7 10. Bf4 O-O 11. Be2 Nb6 12. Na5 N6d7 13. Nxb7 Qb6 14. Nd6
Qxb2 15. Qc1 Bh4+ 16. g3 Qxc1+ 17. Rxc1 Bf6 18. h4 h6 19. Be3 Be7 20. Nc4 Nb6
21. g4 Nxc4 22. Bxc4 Bg6 23. g5 hxg5 24. hxg5 Nd7 25. Rc2 Bd6 26. Ne2 c5 27.
Nf4 1-0

[Event "1FoglarVeterans_SIM"]
[Site "?"]
[Date "2005.??.??"]
[Round "?"]
[White "Woznica, Miroslaw"]
[Black "Berecz, Garvil"]
[Result "1/2-1/2"]
[WhiteElo "2273"]
[BlackElo "2307"]
[PlyCount "105"]
[EventDate "2005.??.??"]
[EventType "corr"]
[SourceDate "2005.05.10"]

1. e4 e5 2. Nf3 Nc6 3. Bb5 a6 4. Ba4 Nf6 5. O-O Be7 6. Re1 b5 7. Bb3 d6 8. c3
O-O 9. h3 Nb8 10. d4 Nbd7 11. Nbd2 Bb7 12. Bc2 Re8 13. Nf1 exd4 14. cxd4 c5 15.
Ng3 cxd4 16. Nxd4 d5 17. exd5 Qb6 18. Ndf5 Bc5 19. Be3 g6 20. Nh6+ Kg7 21. Ng4
Bxd5 22. Qd2 Bxe3 23. Nxe3 Bb7 24. Rad1 a5 25. Ng4 Qc6 26. f3 Qc5+ 27. Kh2 Qc7
28. Bd3 Rxe1 29. Qh6+ Kg8 30. Rxe1 Nxg4+ 31. fxg4 Qd6 32. Qe3 b4 33. Bb5 Qd5
34. Qe2 Nb6 35. Qf1 Qd6 36. g5 Bd5 37. Qd3 Qf4 38. a3 Rc8 39. axb4 axb4 40. Re2
Rc5 41. Ba6 Kg7 42. Qd2 Qxd2 43. Rxd2 b3 44. Bd3 Bc4 45. Ne4 Re5 46. Bb1 Bd5
47. Rd4 Nc4 48. Nf6 Be6 49. h4 Rc5 50. Be4 Nxb2 51. Rb4 h6 52. Ne8+ Kf8 53.
gxh6 1/2-1/2

[Event "1FoglarVeterans_SIM"]
[Site "?"]
[Date "2005.??.??"]
[Round "?"]
[White "Woznica, Miroslaw"]
[Black "Leemans, Robert"]
[Result "1/2-1/2"]
[WhiteElo "2273"]
[BlackElo "2324"]
[PlyCount "89"]
[EventDate "2005.??.??"]
[EventType "corr"]
[SourceDate "2005.05.10"]

1. e4 d5 2. exd5 Qxd5 3. Nc3 Qa5 4. d4 Nf6 5. Nf3 c6 6. Bc4 Bf5 7. Bd2 e6 8.
Nd5 Qd8 9. Nxf6+ gxf6 10. Bb3 h5 11. Qe2 h4 12. O-O-O h3 13. g3 Bg4 14. Qe4 Bf5
15. Qe2 Bg4 16. Rhe1 Be7 17. Qe4 f5 18. Qe5 Rf8 19. Qf4 Qd6 20. Qe3 Nd7 21. Qe2
Nf6 22. Bf4 Qd7 23. Kb1 O-O-O 24. Qd3 Bb4 25. c3 Bd6 26. Bg5 Qe7 27. Rc1 Rg8
28. Bh4 Rh8 29. Ng5 f4 30. f3 fxg3 31. fxg4 Rxh4 32. Nxf7 g2 33. Bxe6+ Kb8 34.
Bb3 Qf8 35. g5 Nd5 36. Nxd8 Qxd8 37. Qf5 Qc8 38. Qg6 Qd7 39. Qg8+ Kc7 40. c4
Bb4 41. cxd5 Bxe1 42. dxc6 bxc6 43. Be6 Rh8 44. Qxh8 Qxe6 45. Qh7+ 1/2-1/2

[Event "1FoglarVeterans_SIM"]
[Site "?"]
[Date "2005.??.??"]
[Round "?"]
[White "Berecz, Garvil"]
[Black "Glaser, Karel"]
[Result "1/2-1/2"]
[WhiteElo "2307"]
[BlackElo "2310"]
[PlyCount "91"]
[EventDate "2005.??.??"]
[EventType "corr"]
[SourceDate "2005.05.10"]

1. d4 Nf6 2. c4 e6 3. Nc3 d5 4. Nf3 c6 5. Bg5 h6 6. Bh4 dxc4 7. e3 b5 8. a4 Bb4
9. Be2 Bb7 10. O-O a6 11. Ne4 Be7 12. Nxf6+ Bxf6 13. Bxf6 Qxf6 14. Ne5 O-O 15.
Bf3 Ra7 16. Qc2 Qe7 17. Be4 Rc8 18. f4 f5 19. Bf3 c5 20. axb5 Bxf3 21. Rxf3
axb5 22. Rxa7 Qxa7 23. d5 Qc7 24. Rg3 Qd6 25. dxe6 Nc6 26. Nf7 Qd3 27. Qc3 Qxc3
28. bxc3 Kf8 29. Nd6 Rb8 30. e4 Ne7 31. Re3 fxe4 32. Nxe4 Nd5 33. Re1 Ke7 34.
f5 b4 35. g4 h5 36. h3 g6 37. fxg6 hxg4 38. hxg4 b3 39. Kf2 Rg8 40. Rd1 Nf6 41.
Nxc5 Rxg6 42. Kf3 Rxg4 43. Rb1 Rh4 44. Nxb3 cxb3 45. Rxb3 Kxe6 46. Rb6+ 1/2-1/2

[Event "1FoglarVeterans_SIM"]
[Site "?"]
[Date "2005.??.??"]
[Round "?"]
[White "Schwarz, Jan"]
[Black "Buczinski, Henryk"]
[Result "1/2-1/2"]
[WhiteElo "2260"]
[BlackElo "2315"]
[PlyCount "95"]
[EventDate "2005.??.??"]
[EventType "corr"]
[SourceDate "2005.05.10"]

1. e4 c5 2. Nf3 d6 3. d4 cxd4 4. Nxd4 Nf6 5. Nc3 a6 6. Be3 e5 7. Nb3 Be7 8. Be2
Be6 9. Nd5 Nbd7 10. Qd3 O-O 11. c4 b5 12. cxb5 axb5 13. O-O Bxd5 14. exd5 b4
15. Bf3 Ra4 16. Nd2 Qa8 17. a3 Rc8 18. Ne4 Rb8 19. Rfc1 bxa3 20. bxa3 Nxe4 21.
Bxe4 Nf6 22. f3 Nxe4 23. fxe4 Qa5 24. Bd2 Qb6+ 25. Be3 Qb3 26. Rc3 Qb5 27. Qc2
Qb2 28. Rc8+ Bf8 29. Qxb2 Rxb2 30. Bc1 Rb5 31. Kf2 f6 32. Ke3 Kf7 33. Ra2 Rb3+
34. Kf2 Rxe4 35. a4 Rbb4 36. a5 Ra4 37. Rb2 Rec4 38. Rxc4 Rxc4 39. Rb7+ Kg8 40.
Ba3 Ra4 41. Bb4 f5 42. Rb6 Ra2+ 43. Kf3 g6 44. a6 Bh6 45. Rxd6 e4+ 46. Kg3 Be3
47. Rd8+ Kg7 48. Rd7+ 1/2-1/2

[Event "1FoglarVeterans_SIM"]
[Site "?"]
[Date "2005.??.??"]
[Round "?"]
[White "Wieringen, Cor A."]
[Black "Baumgartner, Ulrich"]
[Result "1/2-1/2"]
[WhiteElo "2304"]
[BlackElo "2291"]
[PlyCount "56"]
[EventDate "2005.??.??"]
[EventType "corr"]
[SourceDate "2005.05.10"]

1. Nc3 d5 2. e3 Nf6 3. f4 c5 4. Nf3 g6 5. Bb5+ Bd7 6. O-O Bxb5 7. Nxb5 Bg7 8.
d3 O-O 9. Nc3 Nc6 10. Bd2 Ng4 11. Qe1 d4 12. exd4 Nxd4 13. Rc1 Qb6 14. b3 Rad8
15. Kh1 Rfe8 16. Ne4 Qc7 17. Qh4 Nf6 18. Neg5 h6 19. Nxd4 hxg5 20. Nb5 Qxf4 21.
Qxg5 Qxg5 22. Bxg5 a6 23. Nc3 b5 24. Bxf6 Bxf6 25. Ne4 Bb2 26. Rce1 c4 27. dxc4
bxc4 28. g4 Kg7 1/2-1/2